000 00735nam a2200181Ia 4500
008 090124s9999 xx 000 0 und d
082 _b5679
_a217
100 _aचित्राव सिध्देश्र्वरशास्त्री
245 _a मध्ययुगीन चरित्र कोश
250 _a1
260 _c1937
300 _a848
600 _aचित्राव सिध्देश्र्वरशास्त्री
630 _a मध्ययुगीन चरित्र कोश
700 _aचित्राव सिध्देश्र्वरशास्त्री
730 _a मध्ययुगीन चरित्र कोश
942 _cBOOK
999 _c119620
_d119620